Statistics for El Salvador First Level Subdivisions

Click here to take the quiz!

General Stats

  • This quiz has been taken 15 times
  • The average score is 6 of 14

Answer Stats

Departamentos% Correct
San Salvador
100%
La Libertad
56%
La Unión
44%
Morazán
44%
San Miguel
44%
San Vicente
44%
Santa Ana
44%
Sonsonate
44%
Ahuachapán
33%
Cabañas
33%
Chalatenango
33%
Cuscatlán
33%
La Paz
33%
Usulután
33%

Score Distribution

Percentile by Number Answered

Percent of People with Each Score

Your Score History

You have not taken this quiz